000 01079nam a2200217 4500
001 768714001
003 CO-MdFUSB
005 20240426092424.0
008 240425t1980 us ||||| |||| 00| 0 eng d
040 _bspa
_cCO-MdFUSB
_dCO-MdFUSB
041 _aeng
100 _aCollins, Gary R.,
_eautor
245 _aLay counseling within the local church
_c/ Gary R. Collins
300 _aVolumen 1, número 4 (fall, 1980), páginas: 78 - 86
_c; 27 cm
520 _aCuando se habla de Consejería laica dentro de la iglesia local, involucra a los miembros en el trabajo de la iglesia, proporciona un ministerio satisfactorio para los laicos y le quita una carga al pastor. También resuelve los problemas de la gente. Aquí se explica cómo desarrollar un programa de asesoramiento no profesional.
546 _aTexto en inglés
650 7 _aTeología pastoral y unidad cristiana
_97183
653 _aConsejería laica
773 0 _068780
_982546
_oR2480
_tLeadership :
_w(CO-MdFUSB)768714001
_gVolumen 1, número 4 (fall, 1980), páginas: 78 - 86
_qpágina: 78
942 _cANA
999 _c69373
_d69373